| 000 | 00468nam a2200181Ia 4500 | ||
|---|---|---|---|
| 008 | 230524s9999 xx 000 0 und d | ||
| 020 | _a9780195616255 | ||
| 082 |
_a612 _bKER |
||
| 100 | _aCyril A.Keele | ||
| 245 | 0 | _a"Samson Wright's Applied Physiology,13th ed." | |
| 250 | _a5th | ||
| 260 |
_aNEW DELHI _bOxford _c2005 |
||
| 300 | _aXI;256 | ||
| 500 | _aQuantity Number: 6 | ||
| 650 | _aBiomedical | ||
| 700 | _a"Eric Neil,and Norman Joels,,," | ||
| 942 | _cBK | ||
| 999 |
_c35866 _d35866 |
||